[Event "GER-chT DLM U20"]
[Site "Stuttgart"]
[Date "2010.11.19"]
[Round "5.4"]
[White "Erben, Larissa"]
[Black "Holle, Cedric"]
[Result "0-1"]
[WhiteElo "2065"]
[BlackElo "1851"]
[PlyCount "112"]
[EventDate "2010.11.17"]
[EventType "team-tourn"]
[EventRounds "7"]
[EventCountry "GER"]
[SourceTitle "EXT 2022"]
[Source "ChessBase"]
[SourceDate "2021.10.06"]
[SourceVersion "1"]
[SourceVersionDate "2021.10.06"]
[SourceQuality "1"]
[WhiteTeam "Wuerttemberg U20"]
[BlackTeam "Saarland U20"]
[WhiteTeamCountry "GER"]
[BlackTeamCountry "GER"]

1. e4 e6 2. d4 d5 3. exd5 exd5 4. Nf3 Nf6 5. c4 Be7 6. Nc3 c6 7. Bd3 0-0 8. h3 Re8 9. 0-0 Qa5 10. Re1 Be6 11. Ne5 Nbd7 12. Qb3 Nxe5 13. dxe5 dxc4 14. Bxc4 Bxc4 15. Qxc4 Nd5 16. Bd2 Nb4 17. a3 Qd8 18. Rad1 Nd3 19. Bc1 Nxe1 20. Rxd8 Raxd8 21. Be3 Nd3 22. f4 b6 23. b4 c5 24. Nd5 Nb2 25. Qb3 Bh4 26. bxc5 bxc5 27. Bxc5 Rb8 28. Qf3 a5 29. Qg4 Nd3 30. Nf6+ Bxf6 31. exf6 g6 32. Bd4 Re4 33. Ba7 Rbe8 34. Qg5 Nxf4 35. Qxa5 Re1+ 36. Kf2 R1e2+ 37. Kf3 Nxg2 38. Bf2 Nf4 39. Qb5 Nxh3 40. Bd4 R2e4 41. Qd5 h6 42. a4 Ng5+ 43. Kg3 h5 44. Kf2 Rf4+ 45. Kg3 Rf3+ 46. Kh4 Re4+ 47. Kxg5 Rf5+ 48. Qxf5 gxf5 49. Bf2 Rxa4 50. Kxh5 Rg4 51. Bh4 Kf8 52. Bg5 Ke8 53. Be3 Kd7 54. Bd2 Ke6 55. Bc3 Rg6 56. Kh4 f4 0-1